| 000 | 00470nam a22001937a 4500 | ||
|---|---|---|---|
| 003 | OSt | ||
| 005 | 20170110130642.0 | ||
| 008 | 110914t xxu||||| |||| 00| 0 eng d | ||
| 020 | _a0750657758 | ||
| 020 | _a9780750657754 | ||
| 040 |
_aMU _bENG _cMB |
||
| 082 | _221 | ||
| 100 |
_aBird, J. O _94518 |
||
| 245 | _aBasic engineering mathematics | ||
| 260 |
_aOxford _bNewnes _c2000 |
||
| 300 | _a271 | ||
| 650 |
_aEngineering mathematics _94519 |
||
| 942 |
_2ddc _cBOOK |
||
| 999 |
_c14378 _d248878 |
||